Statistics for Biggest Cities in New Jersey

Click here to take the quiz!

General Stats

  • This quiz has been taken 12,626 times
    (4,297 since last reset)
  • The average score is 7 of 20

Answers on the Map

Answers color-coded by a green-red scale on the quiz's map according to % correct below.
Loading ...
 

Answer Stats

PopulationCity or Township% Correct
282,090Newark
93%
83,974Trenton
85%
265,549Jersey City
82%
73,973Camden
51%
145,627Paterson
47%
128,885Elizabeth
45%
102,450Edison
31%
93,017Toms River
30%
71,479Cherry Hill
28%
69,948Passaic
26%
68,520Union City
22%
64,457East Orange
22%
85,273Clifton
22%
101,965Woodbridge Township
20%
75,516Brick Township
20%
89,078Hamilton Township
17%
65,603Middletown Township
17%
102,682Lakewood Township
16%
67,032Old Bridge Township
13%
66,734Franklin Township
11%

Score Distribution

Percentile by Number Answered

Percent of People with Each Score

Your Score History

You have not taken this quiz since the last reset